Prototipo de repositorio institucional web enfocado a la gestión de trabajos de graduación para el Centro Universitario del Norte CUNOR./ (Registro nro. 2678)

Detalles MARC
000 -LEADER
campo de control de longitud fija 03297nam a22003257i 4500
001 - NÚMERO DE CONTROL
campo de control TICS 009
003 - IDENTIFICADOR DE NÚMERO DE CONTROL
campo de control gtcocun
005 - FECHA Y HORA DE LA ÚLTIMA TRANSACCIÓN
campo de control 20260226185026.0
006 - CÓDIGOS DE INFORMACIÓN DE LONGITUD FIJA--CARACTERÍSTICAS DEL MATERIAL ADICIONAL
campo de control de longitud fija a||||gr|||| 00| 0
007 - CAMPO FIJO DE DESCRIPCIÓN FÍSICA--INFORMACIÓN GENERAL
campo de control de longitud fija ta
008 - DATOS DE LONGITUD FIJA--INFORMACIÓN GENERAL
campo de control de longitud fija 260207b2025 GT ||||| m||| 00| 0 eng d
040 ## - FUENTE DE CATALOGACIÓN
Centro catalogador/agencia de origen gtcocun
Lengua de catalogación SPA
Centro/agencia transcriptor gtcocun
Normas de descripción RDA
041 ## - CÓDIGO DE IDIOMA
Código de lengua del texto/banda sonora o título independiente SPA
084 ## - OTRO NÚMERO DE CLASIFICACIÓN
Número de control del registro de autoridad o número normalizado TICS 009
100 ## - ENTRADA PRINCIPAL--NOMBRE DE PERSONA
Nombre de persona Pop Ac, Wilson Víctor Alexander
Término indicativo de función/relación Autor
245 ## - MENCIÓN DEL TÍTULO
Título Prototipo de repositorio institucional web enfocado a la gestión de trabajos de graduación para el Centro Universitario del Norte CUNOR./
Mención de responsabilidad, etc. Wilson Victor Alexander Pop Cac
Medio Impreso
264 ## - PRODUCCIÓN, PUBLICACIÓN, DISTRIBUCIÓN, FABRICACIÓN Y COPYRIGHT
Producción, publicación, distribución, fabricación y copyright Cobán, Alta Verapaz:
Nombre del de productor, editor, distribuidor, fabricante Universidad de San Carlos de Guatemala, Centro Universitario del Norte, Carrera de Ingeniería en Ciencias y Sistemas
Fecha de producción, publicación, distribución, fabricación o copyright 2025
300 ## - DESCRIPCIÓN FÍSICA
Extensión 119 p. :
Otras características físicas Ilustraciones, gráficas.
Dimensiones 28 cm;
336 ## - TIPO DE CONTENIDO
Fuente rdacontenido
Término de tipo de contenido Texto
Código de tipo de contenido txt
337 ## - TIPO DE MEDIO
Fuente rdamedio
Nombre/término del tipo de medio Computadora
Código del tipo de medio n
338 ## - TIPO DE SOPORTE
Fuente rdasoporte
Nombre/término del tipo de soporte Código en línea
Código del tipo de soporte cr
502 ## - NOTA DE TESIS
Nota de tesis Tesis de grado
Tipo de título Ingeniería en Ciencias y Sistemas
Nombre de la institución que otorga el título Universidad de San Carlos de Guatemala, Centro Universitario del Norte, Carrera de Ingeniería en Ciencias y Sistemas.
Año de obtención del título 2025
Identificador de la tesis TICS 009
identificador de la tesis TICS 009
520 14 - RESUMEN, ETC.
Sumario, etc. RESUMEN<br/><br/>En el presente trabajo se describe el desarrollo de un prototipo de repositorio institucional<br/>web, para la gestión y consulta de trabajos de graduación del Centro Universitario del Norte<br/>CUNOR. El prototipo se compone de cinco módulos: seguridad, administración del<br/>sistema, gestión de archivos, explorador de archivos y presentación de trabajos de<br/>graduación. La propuesta de este prototipo surge como respuesta a la carencia de un sistema<br/>eficiente en el CUNOR para la gestión y consulta de los trabajos de graduación en sus<br/>diversas carreras.<br/><br/>El desarrollo del prototipo se realizó a partir de la metodología Kanban, que se basa en<br/>desglosar tareas complejas a tareas más pequeñas y manejables. Las tareas ejecutadas se<br/>fundamentaron en las historias de usuario propuestas en este trabajo. Dichas historias<br/>describen los requisitos que el sistema debe cumplir para cada rol registrado. Los roles del<br/>sistema son: usuario general o anónimo, que está interesado en consultar los trabajos de<br/>graduación; usuario administrativo, que tiene el control general del sistema; y el usuario<br/>operativo, que se encarga de gestionar los trabajos de graduación de su carrera asociada.<br/><br/>La arquitectura del sistema se basa en un modelo cliente-servidor, diseñado para distribuir<br/>las tareas de almacenamiento de código estático y la gestión de archivos. Para verificar la<br/>funcionalidad adecuada del prototipo, se llevaron a cabo pruebas de caja negra, enfocadas<br/>principalmente en evaluar la seguridad del sistema, la gestión y la búsqueda de trabajos de<br/>graduación. Posteriormente, el prototipo se desplegó a internet, donde demostró un<br/>correcto funcionamiento.<br/><br/>
650 ## - PUNTO DE ACCESO ADICIONAL DE MATERIA--TÉRMINO DE MATERIA
Fuente del encabezamiento o término LEMB
Término de materia o nombre geográfico como elemento de entrada Cobán, Alta Verapaz
651 1# - PUNTO DE ACCESO ADICIONAL DE MATERIA--NOMBRE GEOGRÁFICO
Subdivisión general Ingeniería en Ciencias y Sistemas
-- Prototipos
-- Repositorios
-- Clientes
-- Pruebas
700 ## - ENTRADA AGREGADA--NOMBRE PERSONAL
Nombre de persona Ing. CCSS. José Alberto Véliz Cruz
Término indicativo de función/relación Asesor
856 ## - LOCALIZACIÓN Y ACCESO ELECTRÓNICOS
Identificador Uniforme de Recurso <a href="https://drive.google.com/file/d/1d0PBacv23wQpGGxcHreOoabTAZFhKDll/view">https://drive.google.com/file/d/1d0PBacv23wQpGGxcHreOoabTAZFhKDll/view</a>
Texto de enlace PDF
Nota pública Un ejemplar en línea.
942 ## - ELEMENTOS DE ENTRADA SECUNDARIOS (KOHA)
Fuente de la clasificación o esquema de estantería Clasificación Decimal Dewey
Tipo de ítem Koha TESIS
Parte de la signatura que identifica el ejemplar (Parte del ítem) TICS 009
Prefijo de la signatura Clasificación
Suprimir en OPAC No
-- TICS_009_000000000000000
Existencias
Estatus retirado Estado de pérdida Fuente de la clasificación o esquema de estantería Estado de daño No para préstamo Colección Biblioteca de origen Biblioteca actual Ubicación en estantería Fecha de adquisición Número de inventario Total de préstamos Signatura topográfica completa Visto por última vez Precio de reemplazo Tipo de ítem Koha
    Clasificación Decimal Dewey     tesis BIBLIOTECA- CUNOR -JOSÉ LUIS GONZALES ROSALES BIBLIOTECA- CUNOR -JOSÉ LUIS GONZALES ROSALES Colección tesis 07/02/2026 TICS 009   TICS 009 07/02/2026 07/02/2026 TESIS